000 00301nam a22000977a 4500
999 _c518236
_d518236
082 _aA45x5441 GUJA/2016-17
100 _aGujarat Public Service Commission
_92833
245 _aAnnual Report of Gujarat Public Service Commission, 2016-2017
260 _aAhmedabad
_bGovernment Press
_c2018
300 _a210p.